| 000 | 00915nam a2200277Ia 4500 | ||
|---|---|---|---|
| 003 | OSt | ||
| 005 | 20220930084521.0 | ||
| 006 | a|||||r|||| 00| 0 | ||
| 007 | ta | ||
| 008 | 220926b |||||||| |||| 00| 0 eng d | ||
| 024 | _a84945 | ||
| 037 | _cTheses | ||
| 040 |
_aCRL _cCRL _beng |
||
| 041 |
_2eng _aeng |
||
| 100 |
_aRachamongkolmatee Phra Si _9537860 |
||
| 110 | _aUniversity of Delhi. Faculty of Arts. Department of Buddhist Studies | ||
| 245 | 0 | _aSurvey of dhatu in the Pali vyakaranas | |
| 260 |
_aDelhi _bUniversity of Delhi India _c2005 |
||
| 300 |
_a504p. _ap. _ccm. |
||
| 650 | _aBUDDHISM | ||
| 700 | _a Dr. Bhikshu Satyapala Gu. | ||
| 700 |
_a Prof. R. C. Sharma Gu. _9532295 |
||
| 700 | _aUniversity of Delhi. Faculty of Arts. Department of Buddhist Studies | ||
| 942 |
_cDIS _2CC |
||
| 999 |
_c877334 _d877334 |
||